[Event "U12 Polish Youth Championship"]
[Site "chess24.com"]
[Date "2018.05.02"]
[Round "5"]
[White "Fiszer, Bartosz"]
[Black "Madajczak, Piotr"]
[Result "1-0"]
[Board "6"]
[WhiteElo "2004"]
[WhiteTitle "CM"]
[WhiteCountry "POL"]
[WhiteFideId "21810133"]
[WhiteEloChange "2"]
[BlackElo "1618"]
[BlackCountry "POL"]
[BlackFideId "21835934"]
[BlackEloChange "-2"]

1. e4 {[%clk 1:30:57]} d5 {[%clk 1:30:54]} 2. exd5 {[%clk 1:31:16]} Qxd5 {[%clk
1:31:20]} 3. Nc3 {[%clk 1:31:36]} Qd6 {[%clk 1:31:44]} 4. Nf3 {[%clk 1:31:13]}
Nf6 {[%clk 1:31:30]} 5. d4 {[%clk 1:30:24]} c6 {[%clk 1:31:44]} 6. Bc4 {[%clk
1:29:32]} Bg4 {[%clk 1:31:12]} 7. Be3 {[%clk 1:28:54]} e6 {[%clk 1:31:06]} 8. h3
{[%clk 1:28:24]} Bh5 {[%clk 1:30:22]} 9. Bb3 {[%clk 1:14:36]} Be7 {[%clk
1:26:30]} 10. Qd2 {[%clk 1:12:40]} Na6 {[%clk 1:24:35]} 11. Ne5 {[%clk 1:10:52]}
O-O-O {[%clk 1:21:20]} 12. g4 {[%clk 1:08:47]} Bg6 {[%clk 1:21:41]} 13. O-O-O
{[%clk 1:09:05]} Nd5 {[%clk 1:20:52]} 14. Bxd5 {[%clk 1:03:11]} cxd5 {[%clk
1:21:01]} 15. h4 {[%clk 0:59:01]} f6 {[%clk 1:19:16]} 16. Nxg6 {[%clk 0:54:37]}
hxg6 {[%clk 1:19:36]} 17. g5 {[%clk 0:50:55]} Rh5 {[%clk 1:13:42]} 18. Qd3 {[%clk
0:45:26]} fxg5 {[%clk 1:09:23]} 19. hxg5 {[%clk 0:39:52]} Bxg5 {[%clk 1:09:19]}
20. Qxg6 {[%clk 0:39:49]} Rxh1 {[%clk 1:08:48]} 21. Rxh1 {[%clk 0:40:07]} Bf6
{[%clk 1:09:07]} 22. Bg5 {[%clk 0:31:56]} Rf8 {[%clk 0:52:11]} 23. Nb5 {[%clk
0:23:20]} Qe7 {[%clk 0:40:04]} 24. Bf4 {[%clk 0:20:11]} Qd7 {[%clk 0:37:16]} 25.
a4 {[%clk 0:16:57]} b6 {[%clk 0:36:33]} 26. Rh3 {[%clk 0:13:15]} Kb7 {[%clk
0:34:17]} 27. Re3 {[%clk 0:08:14]} Rh8 {[%clk 0:32:45]} 28. Rc3 {[%clk 0:07:58]}
Ka8 {[%clk 0:28:19]} 29. b3 {[%clk 0:05:23]} Bd8 {[%clk 0:23:11]} 30. Kb2 {[%clk
0:04:25]} Rf8 {[%clk 0:22:59]} 31. Bg3 {[%clk 0:02:36]} Bf6 {[%clk 0:20:13]} 32.
Qh5 {[%clk 0:02:02]} Rg8 {[%clk 0:14:37]} 33. Qg4 {[%clk 0:01:43]} Rc8 {[%clk
0:10:25]} 34. Rxc8+ {[%clk 0:01:06]} Qxc8 {[%clk 0:10:51]} 35. Qh5 {[%clk
0:01:24]} Qf8 {[%clk 0:10:29]} 36. c3 {[%clk 0:00:41]} Kb7 {[%clk 0:09:03]} 37.
Qg4 {[%clk 0:00:54]} Qg8 {[%clk 0:09:09]} 38. Qe2 {[%clk 0:01:09]} Nb8 {[%clk
0:07:41]} 39. a5 {[%clk 0:01:02]} Nc6 {[%clk 0:05:44]} 40. Nd6+ {[%clk 0:01:14]}
Ka8 {[%clk 0:06:01]} 41. Qa6 {[%clk 0:01:36]} Nxa5 {[%clk 0:06:02]} 42. Nc8
{[%clk 0:01:21]} Qf7 {[%clk 0:04:59]} 43. Nxb6# {[%clk 0:01:40]} 1-0

[Event "U12 Polish Youth Championship"]
[Site "chess24.com"]
[Date "2018.05.02"]
[Round "5"]
[White "Krupinski, Mikolaj"]
[Black "Dziewonski, Dariusz"]
[Result "1/2-1/2"]
[Board "7"]
[WhiteElo "1547"]
[WhiteCountry "POL"]
[WhiteFideId "21835918"]
[WhiteEloChange "6"]
[BlackElo "1805"]
[BlackCountry "POL"]
[BlackFideId "21835829"]
[BlackEloChange "-6"]

1. e4 {[%clk 1:30:57]} c5 {[%clk 1:30:38]} 2. Nc3 {[%clk 1:31:03]} a6 {[%clk
1:31:02]} 3. g3 {[%clk 1:27:31]} b5 {[%clk 1:31:14]} 4. Bg2 {[%clk 1:21:12]} Bb7
{[%clk 1:31:34]} 5. d3 {[%clk 1:19:55]} e6 {[%clk 1:31:50]} 6. f4 {[%clk
1:15:32]} d5 {[%clk 1:31:53]} 7. e5 {[%clk 1:02:28]} Ne7 {[%clk 1:30:26]} 8. Nce2
{[%clk 0:58:44]} Nf5 {[%clk 1:27:55]} 9. Nf3 {[%clk 0:58:30]} Nc6 {[%clk
1:27:45]} 10. d4 {[%clk 0:55:39]} Qb6 {[%clk 1:25:54]} 11. c3 {[%clk 0:53:10]} h5
{[%clk 1:23:53]} 12. Qd3 {[%clk 0:51:23]} c4 {[%clk 1:21:03]} 13. Qc2 {[%clk
0:46:49]} a5 {[%clk 1:17:25]} 14. Bd2 {[%clk 0:44:12]} a4 {[%clk 1:08:17]} 15. a3
{[%clk 0:44:11]} Na5 {[%clk 1:07:26]} 16. Rb1 {[%clk 0:40:05]} Nb3 {[%clk
1:05:46]} 17. Qd1 {[%clk 0:29:00]} Be7 {[%clk 1:04:23]} 18. Qc2 {[%clk 0:22:20]}
O-O-O {[%clk 1:02:41]} 19. h4 {[%clk 0:10:26]} Bc6 {[%clk 1:01:10]} 20. Kf2
{[%clk 0:08:16]} Rdg8 {[%clk 0:59:33]} 21. Rbg1 {[%clk 0:08:04]} Bd7 {[%clk
0:56:31]} 22. Bh3 {[%clk 0:07:56]} Nh6 {[%clk 0:56:01]} 23. Be3 {[%clk 0:06:31]}
Qd8 {[%clk 0:51:01]} 24. Rh2 {[%clk 0:05:35]} f6 {[%clk 0:48:44]} 25. exf6 {[%clk
0:06:00]} gxf6 {[%clk 0:48:39]} 26. Qb1 {[%clk 0:05:13]} Ng4+ {[%clk 0:44:20]}
27. Bxg4 {[%clk 0:05:40]} hxg4 {[%clk 0:44:46]} 28. Nd2 {[%clk 0:04:57]} Be8
{[%clk 0:42:24]} 29. Nf1 {[%clk 0:04:56]} Bg6 {[%clk 0:41:36]} 30. Qd1 {[%clk
0:05:03]} Be4 {[%clk 0:41:00]} 31. Nd2 {[%clk 0:04:55]} Nxd2 {[%clk 0:41:03]} 32.
Qxd2 {[%clk 0:04:50]} Qc7 {[%clk 0:39:47]} 33. Qc1 {[%clk 0:04:23]} Bd6 {[%clk
0:39:34]} 34. Qd2 {[%clk 0:03:50]} Rf8 {[%clk 0:38:00]} 35. Ke1 {[%clk 0:04:00]}
Bf3 {[%clk 0:37:17]} 36. Rf1 {[%clk 0:03:58]} Qh7 {[%clk 0:37:32]} 37. Qc1 {[%clk
0:02:25]} Be4 {[%clk 0:35:06]} 38. Qd2 {[%clk 0:02:51]} Bd3 {[%clk 0:34:51]} 39.
Rff2 {[%clk 0:02:44]} Qh5 {[%clk 0:32:09]} 40. Nc1 {[%clk 0:02:46]} Be4 {[%clk
0:32:17]} 41. Ne2 {[%clk 0:03:08]} Re8 {[%clk 0:31:22]} 42. Kd1 {[%clk 0:02:42]}
Re7 {[%clk 0:31:04]} 43. Rf1 {[%clk 0:02:51]} Rhe8 {[%clk 0:30:36]} 44. Rhf2
{[%clk 0:02:43]} Bf3 {[%clk 0:29:24]} 45. Kc1 {[%clk 0:02:35]} e5 {[%clk
0:26:13]} 46. fxe5 {[%clk 0:02:21]} fxe5 {[%clk 0:26:36]} 47. Ng1 {[%clk
0:01:50]} exd4 {[%clk 0:25:55]} 48. Bg5 {[%clk 0:01:15]} dxc3 {[%clk 0:20:19]}
49. Qxc3 {[%clk 0:01:24]} Bxg3 {[%clk 0:19:20]} 50. Bxe7 {[%clk 0:01:26]} Bxf2
{[%clk 0:18:58]} 51. Nxf3 {[%clk 0:00:53]} gxf3 {[%clk 0:18:09]} 52. Rxf2 {[%clk
0:01:06]} Rxe7 {[%clk 0:18:33]} 53. Qxf3 {[%clk 0:01:03]} Qxf3 {[%clk 0:18:22]}
54. Rxf3 {[%clk 0:01:31]} Kc7 {[%clk 0:18:08]} 55. Kd2 {[%clk 0:01:47]} Rg7
{[%clk 0:17:34]} 56. Kc3 {[%clk 0:01:56]} Kc6 {[%clk 0:16:34]} 57. Kb4 {[%clk
0:01:22]} Rg6 {[%clk 0:14:36]} 58. h5 {[%clk 0:01:37]} Rh6 {[%clk 0:14:24]} 59.
Rg3 {[%clk 0:01:31]} Rxh5 {[%clk 0:14:15]} 60. Rg6+ {[%clk 0:01:57]} Kd7 {[%clk
0:13:57]} 61. Kxb5 {[%clk 0:02:22]} Rh2 {[%clk 0:14:02]} 62. Kc5 {[%clk 0:02:44]}
Rxb2 {[%clk 0:13:39]} 63. Kxd5 {[%clk 0:03:10]} c3 {[%clk 0:13:44]} 64. Rd6+
{[%clk 0:03:35]} Ke7 {[%clk 0:13:55]} 65. Re6+ {[%clk 0:03:39]} Kf7 {[%clk
0:13:31]} 66. Rc6 {[%clk 0:04:07]} Rb3 {[%clk 0:09:53]} 67. Kd4 {[%clk 0:04:30]}
Rxa3 {[%clk 0:10:07]} 68. Rxc3 {[%clk 0:04:58]} Ra1 {[%clk 0:10:32]} 69. Rc7+
{[%clk 0:04:49]} Ke6 {[%clk 0:10:20]} 70. Ra7 {[%clk 0:05:12]} Kd6 {[%clk
0:10:39]} 71. Kc3 {[%clk 0:04:17]} Kc5 {[%clk 0:10:22]} 72. Kb2 {[%clk 0:04:43]}
Rh1 {[%clk 0:10:46]} 73. Rxa4 {[%clk 0:05:06]} Kb5 {[%clk 0:11:12]} 74. Ra8
{[%clk 0:05:28]} Rh3 {[%clk 0:11:29]} 75. Kc2 {[%clk 0:05:45]} Kb4 {[%clk
0:11:32]} 76. Rb8+ {[%clk 0:05:51]} Kc4 {[%clk 0:11:59]} 77. Rc8+ {[%clk
0:06:15]} Kd4 {[%clk 0:12:26]} 78. Rd8+ {[%clk 0:06:43]} Ke4 {[%clk 0:12:49]} 79.
Re8+ {[%clk 0:07:09]} Kf3 {[%clk 0:13:14]} 80. Kd3 {[%clk 0:07:15]} Kf2+ {[%clk
0:13:40]} 81. Kd4 {[%clk 0:07:39]} Rh4+ {[%clk 0:13:58]} 82. Re4 {[%clk 0:08:02]}
Rxe4+ {[%clk 0:14:22]} 83. Kxe4 {[%clk 0:08:30]} 1/2-1/2

[Event "U12 Polish Youth Championship"]
[Site "chess24.com"]
[Date "2018.05.02"]
[Round "5"]
[White "Wiatrowski, Zbigniew"]
[Black "Wnek, Filip"]
[Result "0-1"]
[Board "8"]
[WhiteElo "1427"]
[WhiteCountry "POL"]
[WhiteFideId "21880816"]
[WhiteEloChange "-3"]
[BlackElo "1760"]
[BlackCountry "POL"]
[BlackFideId "21833281"]
[BlackEloChange "3"]

1. e4 {[%clk 1:30:58]} c5 {[%clk 1:30:23]} 2. Nf3 {[%clk 1:31:22]} Nc6 {[%clk
1:29:50]} 3. Bb5 {[%clk 1:31:44]} e6 {[%clk 1:27:53]} 4. O-O {[%clk 1:31:58]} a6
{[%clk 1:27:16]} 5. Bxc6 {[%clk 1:32:19]} bxc6 {[%clk 1:27:26]} 6. e5 {[%clk
1:32:34]} f6 {[%clk 1:24:40]} 7. b3 {[%clk 1:26:29]} fxe5 {[%clk 1:22:43]} 8.
Nxe5 {[%clk 1:26:28]} Nf6 {[%clk 1:23:04]} 9. Bb2 {[%clk 1:25:07]} Be7 {[%clk
1:23:25]} 10. Na3 {[%clk 1:20:42]} O-O {[%clk 1:20:37]} 11. Nac4 {[%clk 1:19:23]}
Qc7 {[%clk 1:18:40]} 12. d4 {[%clk 1:11:13]} d5 {[%clk 1:17:00]} 13. Nd2 {[%clk
1:06:25]} cxd4 {[%clk 1:16:05]} 14. Bxd4 {[%clk 1:03:34]} c5 {[%clk 1:16:25]} 15.
Bb2 {[%clk 1:03:39]} Bb7 {[%clk 1:14:57]} 16. f3 {[%clk 1:02:24]} Bd6 {[%clk
1:11:57]} 17. Re1 {[%clk 1:01:54]} Rae8 {[%clk 1:10:36]} 18. Qe2 {[%clk 0:58:26]}
Re7 {[%clk 1:09:58]} 19. Rad1 {[%clk 0:57:51]} Nh5 {[%clk 1:08:22]} 20. g3 {[%clk
0:55:06]} Rf5 {[%clk 1:06:36]} 21. f4 {[%clk 0:53:45]} c4 {[%clk 1:01:17]} 22.
Bd4 {[%clk 0:51:56]} cxb3 {[%clk 0:44:33]} 23. cxb3 {[%clk 0:51:15]} Qa5 {[%clk
0:44:15]} 24. Ndf3 {[%clk 0:50:08]} Bb4 {[%clk 0:42:27]} 25. Rf1 {[%clk 0:48:57]}
Rf8 {[%clk 0:33:43]} 26. Rc1 {[%clk 0:45:43]} Qa3 {[%clk 0:26:48]} 27. Nd3 {[%clk
0:38:29]} Bd6 {[%clk 0:24:44]} 28. Nc5 {[%clk 0:37:19]} Bc6 {[%clk 0:23:03]} 29.
Ne5 {[%clk 0:29:36]} Bb5 {[%clk 0:22:48]} 30. Ncd3 {[%clk 0:23:16]} Nf6 {[%clk
0:20:17]} 31. Rfd1 {[%clk 0:22:27]} Bxe5 {[%clk 0:15:12]} 32. Qxe5 {[%clk
0:16:57]} Nd7 {[%clk 0:09:35]} 33. Qg5 {[%clk 0:14:47]} h6 {[%clk 0:06:01]} 34.
Qg6 {[%clk 0:13:13]} Bxd3 {[%clk 0:05:45]} 35. Qxd3 {[%clk 0:13:23]} e5 {[%clk
0:05:13]} 36. Bxe5 {[%clk 0:12:51]} Nxe5 {[%clk 0:05:27]} 37. fxe5 {[%clk
0:13:02]} Rxe5 {[%clk 0:04:46]} 38. Rc2 {[%clk 0:10:35]} Qb4 {[%clk 0:04:14]} 39.
Qd2 {[%clk 0:09:27]} Qb6+ {[%clk 0:03:55]} 40. Qd4 {[%clk 0:06:23]} Qf6 {[%clk
0:03:57]} 41. Qc3 {[%clk 0:04:55]} Kh8 {[%clk 0:01:25]} 42. a4 {[%clk 0:04:58]}
d4 {[%clk 0:01:40]} 43. Qc4 {[%clk 0:03:02]} Rfe8 {[%clk 0:00:40]} 44. Qb4 {[%clk
0:01:49]} d3 {[%clk 0:00:50]} 45. Rf2 {[%clk 0:01:51]} Rf5 {[%clk 0:00:37]} 46.
Qd2 {[%clk 0:01:23]} Qd4 {[%clk 0:00:59]} 47. Rf1 {[%clk 0:01:05]} Re2 {[%clk
0:01:09]} 48. Qc1 {[%clk 0:00:35]} Rfxf2 {[%clk 0:01:20]} 49. Qc8+ {[%clk
0:00:43]} Rf8+ {[%clk 0:01:42]} 0-1

[Event "U12 Polish Youth Championship"]
[Site "chess24.com"]
[Date "2018.05.02"]
[Round "5"]
[White "Bogusz, Alan"]
[Black "Serewa, Antoni"]
[Result "1-0"]
[Board "9"]
[WhiteElo "1683"]
[WhiteCountry "POL"]
[WhiteFideId "21810060"]
[WhiteEloChange "3"]
[BlackElo "1392"]
[BlackCountry "POL"]
[BlackFideId "21837198"]
[BlackEloChange "-3"]

1. d4 {[%clk 1:30:57]} d5 {[%clk 1:29:36]} 2. Nf3 {[%clk 1:30:45]} Nf6 {[%clk
1:28:39]} 3. Bf4 {[%clk 1:29:55]} c5 {[%clk 1:26:49]} 4. e3 {[%clk 1:27:33]} Nc6
{[%clk 1:25:10]} 5. Nc3 {[%clk 1:26:29]} Qb6 {[%clk 1:23:16]} 6. Nb5 {[%clk
1:20:57]} Ne4 {[%clk 1:06:06]} 7. Bc7 {[%clk 1:19:38]} Qa6 {[%clk 1:04:33]} 8.
Nd6+ {[%clk 1:18:53]} exd6 {[%clk 1:04:52]} 9. Bxa6 {[%clk 1:19:18]} bxa6 {[%clk
1:05:07]} 10. dxc5 {[%clk 1:19:19]} Nxc5 {[%clk 1:04:44]} 11. Nd4 {[%clk
1:19:01]} Bd7 {[%clk 1:03:46]} 12. Nxc6 {[%clk 1:18:24]} Bxc6 {[%clk 1:04:12]}
13. Ba5 {[%clk 1:18:38]} Be7 {[%clk 1:04:16]} 14. Bc3 {[%clk 1:18:54]} O-O {[%clk
1:04:35]} 15. O-O {[%clk 1:19:09]} Ne6 {[%clk 1:04:13]} 16. a4 {[%clk 1:18:42]}
f5 {[%clk 1:04:22]} 17. f4 {[%clk 1:18:07]} Nc5 {[%clk 1:04:39]} 18. Bd4 {[%clk
1:16:56]} Ne4 {[%clk 1:05:01]} 19. Qd3 {[%clk 1:16:46]} Rab8 {[%clk 1:04:21]} 20.
Qxa6 {[%clk 1:15:55]} 1-0

[Event "U12 Polish Youth Championship"]
[Site "chess24.com"]
[Date "2018.05.02"]
[Round "5"]
[White "Nowak, Filip"]
[Black "Backiel, Hubert"]
[Result "0-1"]
[Board "10"]
[WhiteElo "1475"]
[WhiteCountry "POL"]
[WhiteFideId "21817030"]
[WhiteEloChange "-5"]
[BlackElo "1653"]
[BlackCountry "POL"]
[BlackFideId "21838631"]
[BlackEloChange "5"]

1. e4 {[%clk 1:30:57]} c5 {[%clk 1:30:26]} 2. Nf3 {[%clk 1:30:52]} e6 {[%clk
1:30:46]} 3. d4 {[%clk 1:30:50]} cxd4 {[%clk 1:31:07]} 4. Nxd4 {[%clk 1:31:13]}
a6 {[%clk 1:31:29]} 5. Nc3 {[%clk 1:31:23]} b5 {[%clk 1:31:35]} 6. Bd3 {[%clk
1:29:40]} Qc7 {[%clk 1:29:45]} 7. O-O {[%clk 1:28:36]} Bb7 {[%clk 1:29:08]} 8.
Kh1 {[%clk 1:26:50]} Nf6 {[%clk 1:28:56]} 9. Qe1 {[%clk 1:25:38]} d6 {[%clk
1:22:23]} 10. Bd2 {[%clk 1:23:38]} Be7 {[%clk 1:21:22]} 11. f4 {[%clk 1:23:13]}
Nc6 {[%clk 1:20:39]} 12. Nb3 {[%clk 1:20:57]} g6 {[%clk 1:07:10]} 13. Qf2 {[%clk
1:16:13]} h5 {[%clk 0:53:40]} 14. h3 {[%clk 1:13:35]} Rh7 {[%clk 0:36:20]} 15.
Be3 {[%clk 0:57:46]} Rc8 {[%clk 0:30:41]} 16. Bb6 {[%clk 0:55:29]} Qb8 {[%clk
0:30:29]} 17. Rae1 {[%clk 0:54:52]} Kd7 {[%clk 0:22:57]} 18. f5 {[%clk 0:49:00]}
gxf5 {[%clk 0:19:56]} 19. exf5 {[%clk 0:49:19]} e5 {[%clk 0:20:17]} 20. Ne4
{[%clk 0:49:05]} Nb4 {[%clk 0:16:43]} 21. Nxf6+ {[%clk 0:43:43]} Bxf6 {[%clk
0:17:06]} 22. Qe2 {[%clk 0:41:46]} Rg7 {[%clk 0:15:17]} 23. Rg1 {[%clk 0:40:22]}
Nxd3 {[%clk 0:14:37]} 24. Qxd3 {[%clk 0:40:06]} Rxg2 {[%clk 0:14:07]} 25. Rxg2
{[%clk 0:35:26]} Bxg2+ {[%clk 0:14:30]} 26. Kxg2 {[%clk 0:35:13]} Qxb6 {[%clk
0:14:57]} 27. Kf1 {[%clk 0:32:15]} Bh4 {[%clk 0:13:52]} 28. Re3 {[%clk 0:27:30]}
Rxc2 {[%clk 0:09:02]} 29. Nd2 {[%clk 0:19:30]} Bg5 {[%clk 0:06:43]} 30. Qd5
{[%clk 0:19:09]} Qxe3 {[%clk 0:05:16]} 31. Qxf7+ {[%clk 0:19:14]} Kc6 {[%clk
0:05:30]} 32. Qe8+ {[%clk 0:19:15]} Kb7 {[%clk 0:05:50]} 33. Qf7+ {[%clk
0:19:26]} Rc7 {[%clk 0:06:12]} 34. Qd5+ {[%clk 0:19:52]} Kb8 {[%clk 0:06:29]} 35.
Qg8+ {[%clk 0:20:03]} Rc8 {[%clk 0:06:50]} 0-1

[Event "U12 Polish Youth Championship"]
[Site "chess24.com"]
[Date "2018.05.02"]
[Round "5"]
[White "Klimkowski, Jan"]
[Black "Malinowski, Szymon"]
[Result "1-0"]
[Board "11"]
[WhiteElo "1836"]
[WhiteCountry "POL"]
[WhiteFideId "21856222"]
[WhiteEloChange "3"]
[BlackElo "1549"]
[BlackCountry "POL"]
[BlackFideId "21832757"]
[BlackEloChange "-3"]

1. e4 {[%clk 1:30:59]} c6 {[%clk 1:30:17]} 2. d4 {[%clk 1:31:14]} d5 {[%clk
1:30:28]} 3. exd5 {[%clk 1:31:37]} cxd5 {[%clk 1:30:54]} 4. c4 {[%clk 1:32:02]}
Nf6 {[%clk 1:31:18]} 5. Nc3 {[%clk 1:32:20]} e6 {[%clk 1:31:41]} 6. c5 {[%clk
1:32:43]} Nc6 {[%clk 1:32:01]} 7. Bb5 {[%clk 1:32:59]} Be7 {[%clk 1:32:20]} 8.
Nf3 {[%clk 1:32:52]} O-O {[%clk 1:32:29]} 9. Bxc6 {[%clk 1:33:03]} bxc6 {[%clk
1:32:12]} 10. O-O {[%clk 1:33:26]} Ne4 {[%clk 1:32:30]} 11. Qc2 {[%clk 1:32:36]}
f5 {[%clk 1:32:32]} 12. Ne5 {[%clk 1:32:10]} Qc7 {[%clk 1:32:04]} 13. f3 {[%clk
1:30:40]} Nxc5 {[%clk 1:20:59]} 14. Re1 {[%clk 1:28:26]} Na6 {[%clk 1:18:27]} 15.
Nd3 {[%clk 1:25:41]} Bd6 {[%clk 1:18:30]} 16. f4 {[%clk 1:25:38]} Nb4 {[%clk
1:16:06]} 17. Nxb4 {[%clk 1:25:09]} Bxb4 {[%clk 1:16:22]} 18. Be3 {[%clk
1:23:14]} Bd6 {[%clk 1:16:12]} 19. Qf2 {[%clk 1:23:32]} Ba6 {[%clk 1:16:16]} 20.
Rac1 {[%clk 1:21:45]} Kh8 {[%clk 1:06:40]} 21. Na4 {[%clk 1:17:48]} Rae8 {[%clk
1:04:47]} 22. Nc5 {[%clk 1:16:37]} Bc4 {[%clk 1:04:56]} 23. b3 {[%clk 1:14:16]}
Bxc5 {[%clk 1:04:22]} 24. dxc5 {[%clk 1:13:54]} Bd3 {[%clk 1:04:40]} 25. Bd4
{[%clk 1:14:16]} Be4 {[%clk 1:04:58]} 26. Be5 {[%clk 1:12:13]} Qa5 {[%clk
1:03:33]} 27. Rc3 {[%clk 1:06:34]} Rd8 {[%clk 1:03:10]} 28. Qh4 {[%clk 1:01:17]}
Rd7 {[%clk 1:02:02]} 29. Rh3 {[%clk 0:59:41]} Qxc5+ {[%clk 1:02:08]} 30. Kh1
{[%clk 1:00:00]} Kg8 {[%clk 1:01:50]} 31. Qxh7+ {[%clk 0:59:30]} Kf7 {[%clk
1:02:09]} 32. Bxg7 {[%clk 0:58:57]} Ke8 {[%clk 1:02:00]} 33. Qg6+ {[%clk
0:58:37]} Rff7 {[%clk 1:00:37]} 34. Rh8+ {[%clk 0:58:43]} Ke7 {[%clk 1:00:53]}
35. Qg5+ {[%clk 0:59:07]} Kd6 {[%clk 1:01:09]} 36. Be5# {[%clk 0:59:31]} 1-0

[Event "U12 Polish Youth Championship"]
[Site "chess24.com"]
[Date "2018.05.02"]
[Round "5"]
[White "Demski, Michal"]
[Black "Wojdak, Jan"]
[Result "0-1"]
[Board "12"]
[WhiteElo "1538"]
[WhiteCountry "POL"]
[WhiteFideId "21835780"]
[WhiteEloChange "-4"]
[BlackElo "1795"]
[BlackCountry "POL"]
[BlackFideId "21817111"]
[BlackEloChange "4"]

1. e4 {[%clk 1:30:52]} c5 {[%clk 1:30:56]} 2. Nf3 {[%clk 1:30:51]} Nc6 {[%clk
1:31:22]} 3. d4 {[%clk 1:30:25]} cxd4 {[%clk 1:31:46]} 4. Nxd4 {[%clk 1:30:18]}
Nf6 {[%clk 1:32:12]} 5. Nc3 {[%clk 1:29:24]} d6 {[%clk 1:32:38]} 6. Be2 {[%clk
1:27:58]} e5 {[%clk 1:33:03]} 7. Nb3 {[%clk 1:27:19]} Be7 {[%clk 1:33:28]} 8. O-O
{[%clk 1:26:17]} O-O {[%clk 1:33:53]} 9. Kh1 {[%clk 1:23:45]} a5 {[%clk 1:29:43]}
10. a4 {[%clk 1:16:47]} Nb4 {[%clk 1:29:12]} 11. Be3 {[%clk 1:09:43]} d5 {[%clk
1:23:37]} 12. exd5 {[%clk 1:09:30]} Nbxd5 {[%clk 1:24:01]} 13. Nxd5 {[%clk
1:09:40]} Nxd5 {[%clk 1:24:26]} 14. Bc5 {[%clk 1:06:29]} Bxc5 {[%clk 1:23:19]}
15. Nxc5 {[%clk 1:06:53]} b6 {[%clk 1:09:54]} 16. Bf3 {[%clk 1:02:46]} bxc5
{[%clk 1:07:33]} 17. Qxd5 {[%clk 1:00:45]} Qxd5 {[%clk 1:07:22]} 18. Bxd5 {[%clk
1:01:09]} Rb8 {[%clk 1:07:48]} 19. b3 {[%clk 1:01:02]} Bf5 {[%clk 1:08:00]} 20.
Rac1 {[%clk 0:59:12]} Rfd8 {[%clk 1:07:11]} 21. Rfd1 {[%clk 0:58:23]} Rd7 {[%clk
1:06:37]} 22. Kg1 {[%clk 0:50:28]} Rbd8 {[%clk 1:05:34]} 23. Bf3 {[%clk 0:49:38]}
Kf8 {[%clk 0:57:23]} 24. Kf1 {[%clk 0:48:32]} Ke7 {[%clk 0:57:07]} 25. c3 {[%clk
0:45:11]} Be6 {[%clk 0:54:18]} 26. c4 {[%clk 0:44:26]} f5 {[%clk 0:53:54]} 27.
Ke1 {[%clk 0:41:26]} e4 {[%clk 0:53:26]} 28. Be2 {[%clk 0:41:29]} Kf6 {[%clk
0:53:34]} 29. f3 {[%clk 0:38:50]} Ke5 {[%clk 0:53:43]} 30. Rc3 {[%clk 0:38:30]}
Rxd1+ {[%clk 0:34:22]} 31. Bxd1 {[%clk 0:38:44]} g5 {[%clk 0:34:44]} 32. Bc2
{[%clk 0:37:27]} exf3 {[%clk 0:29:56]} 33. Rxf3 {[%clk 0:37:51]} f4 {[%clk
0:29:04]} 34. h3 {[%clk 0:35:25]} Bf5 {[%clk 0:28:16]} 35. Bxf5 {[%clk 0:34:49]}
Kxf5 {[%clk 0:27:43]} 36. Ke2 {[%clk 0:34:50]} Ke4 {[%clk 0:27:24]} 37. Rc3
{[%clk 0:34:45]} h5 {[%clk 0:27:06]} 38. g3 {[%clk 0:34:12]} Rd7 {[%clk 0:23:43]}
39. gxf4 {[%clk 0:32:14]} gxf4 {[%clk 0:24:02]} 40. Rf3 {[%clk 0:31:58]} h4
{[%clk 0:22:20]} 41. Rf1 {[%clk 0:31:26]} Rg7 {[%clk 0:22:11]} 42. Rd1 {[%clk
0:31:45]} Rg3 {[%clk 0:18:08]} 43. Rd5 {[%clk 0:31:50]} Rxh3 {[%clk 0:18:17]} 44.
Rxc5 {[%clk 0:32:14]} Rxb3 {[%clk 0:18:20]} 45. Rxa5 {[%clk 0:32:37]} Rb2+ {[%clk
0:18:39]} 46. Kf1 {[%clk 0:32:53]} Ke3 {[%clk 0:16:51]} 47. Re5+ {[%clk 0:32:51]}
Kf3 {[%clk 0:17:13]} 48. Kg1 {[%clk 0:31:50]} Rb4 {[%clk 0:16:54]} 49. Rh5 {[%clk
0:31:28]} Kg4 {[%clk 0:16:41]} 50. Rh8 {[%clk 0:31:49]} Rxc4 {[%clk 0:16:35]} 51.
Rg8+ {[%clk 0:32:02]} Kf3 {[%clk 0:16:50]} 52. Rh8 {[%clk 0:32:00]} Rxa4 {[%clk
0:16:48]} 53. Rxh4 {[%clk 0:32:24]} Kg3 {[%clk 0:17:15]} 0-1